1000 ideas for term papers in economics, (Record no. 4)

MARC details
000 -LEADER
fixed length control field 00753cam a2200265 4500
001 - CONTROL NUMBER
control field 801725
003 - CONTROL NUMBER IDENTIFIER
control field OSt
005 - DATE AND TIME OF LATEST TRANSACTION
control field 20130407020002.0
008 - FIXED-LENGTH DATA ELEMENTS--GENERAL INFORMATION
fixed length control field 701026s1970 nyu b 000 0 eng
010 ## - LIBRARY OF CONGRESS CONTROL NUMBER
LC control number 75080885
020 ## - INTERNATIONAL STANDARD BOOK NUMBER
International Standard Book Number 0668019646
040 ## - CATALOGING SOURCE
Original cataloging agency DLC
Transcribing agency DLC
Modifying agency DLC
050 00 - LIBRARY OF CONGRESS CALL NUMBER
Classification number H62
Item number .O6
082 00 - DEWEY DECIMAL CLASSIFICATION NUMBER
Classification number 808.06/6/33002
245 00 - TITLE STATEMENT
Title 1000 ideas for term papers in economics,
Statement of responsibility, etc by the editors of Arc Books.
260 ## - PUBLICATION, DISTRIBUTION, ETC. (IMPRINT)
Place of publication, distribution, etc New York,
Name of publisher, distributor, etc Arc Books
Date of publication, distribution, etc [1970]
300 ## - PHYSICAL DESCRIPTION
Extent 191 p.
Dimensions 19 cm.
350 ## - PRICE (NR) (BK AM CF MU VM SE) [OBSOLETE]
Price 1.95
504 ## - BIBLIOGRAPHY, ETC. NOTE
Bibliography, etc Includes bibliographical references.
650 #0 - SUBJECT ADDED ENTRY--TOPICAL TERM
Topical term or geographic name as entry element Economics
General subdivision Outlines, syllabi, etc.
9 (RLIN) 4
650 #0 - SUBJECT ADDED ENTRY--TOPICAL TERM
Topical term or geographic name as entry element Academic writing.
9 (RLIN) 5
710 2# - ADDED ENTRY--CORPORATE NAME
Corporate name or jurisdiction name as entry element Arc Books, Inc.
9 (RLIN) 6
906 ## - LOCAL DATA ELEMENT F, LDF (RLIN)
a 7
b cbc
c orignew
d 2
e ncip
f 19
g y-gencatlg
942 ## - ADDED ENTRY ELEMENTS (KOHA)
Source of classification or shelving scheme Dewey Decimal Classification
Koha item type Books
Koha issues (borrowed), all copies 1
Holdings
Withdrawn status Lost status Source of classification or shelving scheme Damaged status Not for loan Home library Current library Shelving location Date acquired Total Checkouts Full call number Barcode Date last seen Date checked out Price effective from Koha item type
    Dewey Decimal Classification     Law Development Centre Main Library Law Development Centre Main Library Law Reports 04/03/2011 1 808.06/6/33002 2011/2522 04/06/2013 04/06/2013 04/03/2011 Books